<?xml version="1.0" encoding="UTF-8"?>
<record
    xmlns:xsi="http://www.w3.org/2001/XMLSchema-instance"
    xsi:schemaLocation="http://www.loc.gov/MARC21/slim http://www.loc.gov/standards/marcxml/schema/MARC21slim.xsd"
    xmlns="http://www.loc.gov/MARC21/slim">

  <leader>02986nam a22001817a 4500</leader>
  <controlfield tag="003">OSt</controlfield>
  <controlfield tag="005">20260407083604.0</controlfield>
  <controlfield tag="008">260407b        |||||||| |||| 00| 0 eng d</controlfield>
  <datafield tag="040" ind1=" " ind2=" ">
    <subfield code="a">LC</subfield>
    <subfield code="b">ENG</subfield>
    <subfield code="c">LC</subfield>
    <subfield code="d">ABK</subfield>
    <subfield code="e">RDA</subfield>
  </datafield>
  <datafield tag="082" ind1=" " ind2=" ">
    <subfield code="2">23rd ed.</subfield>
    <subfield code="a">348.0496761</subfield>
    <subfield code="b">UGA</subfield>
  </datafield>
  <datafield tag="245" ind1=" " ind2=" ">
    <subfield code="a">The Uganda law reports [2018] U. L. R / </subfield>
    <subfield code="c">Edited by Rose Kawesa Nalule</subfield>
  </datafield>
  <datafield tag="260" ind1=" " ind2=" ">
    <subfield code="a">Kampala :</subfield>
    <subfield code="b">Law development centre ;</subfield>
    <subfield code="c">c2018.</subfield>
  </datafield>
  <datafield tag="300" ind1=" " ind2=" ">
    <subfield code="a">xxxix, 501 pages ;</subfield>
    <subfield code="c">25 cm.</subfield>
  </datafield>
  <datafield tag="505" ind1=" " ind2=" ">
    <subfield code="a">TABLE OF CONTENTS 
INDEX OF CASES REPORTED...... 
SUBJECT MATTER INDEX 
INDEX OF LEGISLATION CONSIDERED. 
INDEX OF CASES CITED......... 
DIGESTS &amp; JUDGMENTS........ 
INDEX OF CASES REPORTED 
ABUBAKER SEBALAMU GANYA VS YASMIN NALWOGA (SC)........ 
ATTORNEY GENERAL VS GLADYS NAKIBUULE KISEKKA (SC).... 
BASAJJABAKA YAKUBU Vs MTN UGANDA LIMITED (HC).......... 
BITAMISI NAMUDDU Vs RWABUGANDA GODFREY (SC)......... 
BUSONYA AND 2 OTHERS VS DAUDI GIRULI (SC). 
DAVID CHANDI JAMWA VS UGANDA (CA).. 
***** 
DELUXE ENTERPRISES LIMITED VS UGANDA LEASING COMPANY 
LIMITED (CA)......... 
DUKE MABAYA VS UGANDA (SC).......... 
EQUITY BANK UGANDA LIMITED VS MUGISHA MUSIIMENTA 
ROGERS (HC).... 
FOUNDATION FOR HUMAN RIGHTS INITIATIVE VS ATTORNEY 
GENERAL (SC)......... 
HAJI ABDALLA KITATA VS UGANDA (HC).. 
HAJI KAVUMA HAROON VS FIRST INSURANCE COMPANY 
LIMITED (HC)........... 
HASSAN BASAJJABALABAAND ANOTHER VS ATTORNEY 
GENERAL (CC)............ 
HWAN SUNG LIMITED VS MAND D TIMBER MERCHANTS AND 
TRANSPORTERS LIMITED (SC)...... 
ICCO COOPERATION UGANDA VS TRIVISION UGANDA LIMITED (HC)...
INFINITY TELECOM UGANDA LIMITED AND 2 OTHERS VS ORANG 
UGANDA LIMITED (HC)..... 
IN THE MATTER OF AN APPLICATION FOR CHANGE OF NAME OF 
ADOPTED CHILDREN BY KENT ALLAN NOLLEY AND ANOTHER 
IN RESPECT OF RWOTOMIYA RAYMOND AND AMARI 
GRACE (HC).......... 
IN THE MATTER OF A PETITION FOR THE ADOPTION OF VICTORIA 
BABIRYE NAMUTOSI BY JOHNNY WALTERS JR AND CHERYL 
ANN WALTERS (HC)........ 
ISMAIL KALULE Vs UGANDA (HC)......... 
JETHA BROTHERS LIMITED VS MBARARA MUNICIPAL COUNCIL AND 
OTHERS (CA)........ 
JUMBA RICHARD V's UGANDA (CA)......... 
KAGUMYA PEREGINO VS ATTORNEY GENERAL (SC).. 
MMAKS ADVOCATES AND ANOTHER VS UGANDA MUSLIM SUPREM 
COUNCIL (HC)........ 
MOLLY TURINAWE AND 4 OTHERS VS EPHRAIM TURINAWE AND 
ANOTHER (SC)............ 
OGWANG DONASIANO AND 9 OTHERS VS REGINA OKOT (HC)... 
PHILEMON WANDERA AND OTHRES Vs YESERO MUGENYI AND 
OTHERS (CA)....... 
RANCHHOBHAI SHIVABHAI PATEL LIMITED AND ANOTHER VS HENRY WAMBUGA (LIQUIDATOR OF AFRICAN TEXTILES MILL LIMITE AND ANOTHER (SC).... 
SARAH KULATA BASANGWA VS UGANDA (SC)... 
SAMUELABBO VS CIMEEL ENGINEERING LIMITED (HC).. 
SECURITY 2000 LIMITED VS CUMBERLAND (CA)... 
TWINOBUSINGYE SEVERINO VS ATTORNEY GENERAL (CC).......... 
UGANDA Vs MOSES PAPA AND 4 OTHERS (HC)......... 
WOTALI ERINAAND ANOTHER VS NAMULONDO MONICA (HC)...... </subfield>
  </datafield>
  <datafield tag="650" ind1=" " ind2=" ">
    <subfield code="a">Uganda law reports</subfield>
    <subfield code="9">67647</subfield>
  </datafield>
  <datafield tag="700" ind1=" " ind2=" ">
    <subfield code="a">Nalule, Rose Kawesa</subfield>
    <subfield code="9">67666</subfield>
  </datafield>
  <datafield tag="942" ind1=" " ind2=" ">
    <subfield code="2">ddc</subfield>
    <subfield code="c">BOOK</subfield>
  </datafield>
  <datafield tag="999" ind1=" " ind2=" ">
    <subfield code="c">40177</subfield>
    <subfield code="d">40176</subfield>
  </datafield>
  <datafield tag="952" ind1=" " ind2=" ">
    <subfield code="0">0</subfield>
    <subfield code="1">0</subfield>
    <subfield code="2">ddc</subfield>
    <subfield code="4">0</subfield>
    <subfield code="7">0</subfield>
    <subfield code="a">LLB</subfield>
    <subfield code="b">LLB</subfield>
    <subfield code="d">2026-04-07</subfield>
    <subfield code="l">0</subfield>
    <subfield code="o">348.0496761 UGA</subfield>
    <subfield code="p">15184</subfield>
    <subfield code="r">2026-04-07 06:57:00</subfield>
    <subfield code="w">2026-04-07</subfield>
    <subfield code="y">BOOK</subfield>
  </datafield>
</record>
